Anciens présidents Français selon photos jeunes - Statistiques

Statistiques générales
  • Ce quiz a été pris 122 fois
  • Le résultat moyen est 7 sur 8
Statistiques - réponses
Par images Réponse % Correct
Nicolas Sarkozy
99%
Francois Hollande
96%
Charles De Gaulle
92%
Valéry Giscard d'Estaing
91%
Jacques Chirac
90%
Francois Mitterand
79%
Georges Pompidou
77%
René Coty
41%
Aucun quiz correspondant
Distribution des résultats
% des personnes avec chaque résultat
Percentile par nombre de réponses
Votre historique - résultats
Vous n’avez pas pris ce quiz